Есть мнение! Итоги социологического опроса

Podrobná bibliografie
Další autoři: Левада Ю. А. (редактор)
Jazyk:ruština
Vydáno: Москва, Прогресс, 1990
Témata:
Médium: MixedMaterials Kniha
KOHA link:https://koha.lib.tpu.ru/cgi-bin/koha/opac-detail.pl?biblionumber=15297

MARC

LEADER 00000nam0a2200000 4500
001 15297
005 20231030190157.0
035 |a (RuTPU)RU\TPU\book\15404 
035 |a BOOK00015473 
090 |a 15297 
100 |a 20011209d1990 km y0rusy50 ca 
101 0 |a rus 
102 |a RU 
105 |a y z 000zy 
200 1 |a Есть мнение! Итоги социологического опроса  |f под ред. Ю. А. Левады 
210 |a Москва  |c Прогресс  |d 1990 
215 |a 290 с. 
610 1 |a социология 
610 1 |a общественное мнение 
610 1 |a социологические исследования 
610 1 |a социологический опрос 
686 |a С55.58  |v LBC/SL-A  |2 rubbk 
702 1 |a Левада  |b Ю. А.  |4 340 
801 0 |a RU  |b 63413507  |c 20011209  |g PSBO 
801 2 |a RU  |b 63413507  |c 20201207  |g PSBO 
900 |a Социология общественного мнения 
942 |c BK